000 00595nam a2200181Ia 4500
008 151018s9999 xx 000 0 und d
082 _bRBASDV16670
_a891.463
100 _aमुक्ता केणेकर
245 _aननुचा मित्र
250 _b1
260 _bअश्वमेध प्रकाशन पुणे
_c1983
300 _a72
600 _aमुक्ता केणेकर
630 _aननुचा मित्र
700 _aमुक्ता केणेकर
730 _aननुचा मित्र
942 _cBOOK
999 _c1017359
_d1017356